| 000 | 02107nam0a2200373 i 4500 | ||
|---|---|---|---|
| 001 | RU\NLR\BIBL_A\010360230 | ||
| 005 | 20260407142010.0 | ||
| 010 |
_a9785941706785 _9500 |
||
| 021 |
_aRU _b2014-20471 _91272 |
||
| 035 | _a(NILC)RuMoRGB-006764547 | ||
| 035 | _a(NLR Aleph) 010360230 | ||
| 090 |
_a10776787 _c10776787 |
||
| 100 | _a20140522d2013 k y0rusy50 ca | ||
| 101 | 0 | _arus | |
| 102 | _aRU | ||
| 105 | _aa|||z|||001yy | ||
| 200 | 1 |
_aМетоды обнаружения и локализации латентных технологических дефектов бортовой радиоэлектронной аппаратуры _eмонография _f[Юрков Николай Кондратьевич, Алмаметов Валерий Борисович, Затылкин Александр Валентинович и др.] _gМ-во образования и науки РФ, Федер. гос. бюджет. образоват. учреждение высш. проф. образования "Пенз. гос. ун-т" (ПГУ) |
|
| 210 |
_aПенза _cИзд-во ПГУ _d2013 |
||
| 215 |
_a182, [1] с. _cил. _d20 |
||
| 300 | _aАвт. указаны в вып. дан. | ||
| 320 | _aБиблиогр.: с. 177-183 (87 назв.) | ||
| 606 | 1 |
_aКосмические летательные аппараты _xРадиоэлектронная аппаратура _xНадежность _92332148 _3RU\NLR\AUTH\661394537 |
|
| 675 | _a621.396 | ||
| 686 | 1 | _aО661.5-021.1 | |
| 701 | 1 |
_8rus _7ca _aЮрков _bН. К. _gНиколай Кондратьевич _3RU\NLR\AUTH\7751491 _934425 |
|
| 701 | 1 |
_aАлмаметов _bВ. Б. _gВалерий Борисович |
|
| 701 | 1 |
_aЗатылкин _bА. В. _gАлександр Валентинович |
|
| 712 | 0 | 2 |
_4570 _aПензенский государственный университет _3RU\NLR\AUTH\8810010946 _9519567 |
| 801 | 0 |
_aRU _bRuMoRKP _c20140320 _gRCR |
|
| 801 | 2 |
_aRU _bРГБ _c20140404 _grcr |
|
| 942 | _cBOOK | ||
| 980 | _aNBR | ||